• 首页
  • 本馆介绍
  • 公告通知
  • 最新文献
  • 馆藏检索
  • 电子资源
  • 读者导购
  • 参考咨询
  • 我的图书馆
  • 登录
  • 详细信息显示
  • 放入我的书架
  • 预约/预借图书
  • 作者相关作品
  • 分类相关作品
  • 丛书相关作品
  • 出版社相关作品

书目信息

  • 表格格式
  • 工作单格式
  • 卡片格式
题名:
思想道德修养与法律基础学习辅导
    
 
作者: 易志军 , 聂峰 , 李清环 主编
分册:  
出版信息: 北京   国家行政学院出版社  2018
页数: 187页
开本: 26cm
丛书名:
单 册:
中图分类: G641.6 , D920.4
科图分类:
主题词: 思想修养--si xiang xiu yang--高等学校--教学参考资料 , 法律--fa lu^--中国--高等学校--教学参考资料
电子资源:
ISBN: 978-7-5150-2072-3
000 01382nam0 2200313 450
001 012001006191
005 20131016083652.0
010    @a978-7-5150-2072-3@dCNY35.00
099    @aCAL 012019009946
100    @a20181120d2018 em y0chiy50 ea
101 0  @achi
102    @aCN@b110000
105    @ay a 000yy
106    @ar
200 1  @a思想道德修养与法律基础学习辅导@Asi xiang dao de xiu yang yu fa lu^ ji chu xue xi fu dao@f主编易志军, 聂峰, 李清环
210    @a北京@c国家行政学院出版社@d2018
215    @a187页@d26cm
320    @a有书目
330    @a本书可帮助学生在学习掌握理论知识的基础上, 拓宽视野, 提高分析问题和解决问题的能力, 从而使本书具有较强的针对性、指导性和实用性。本书有助于大学生形成正确的道德认知, 积极投身道德实践, 有助于大学生全面把握社会主义法律的本质、运行和体系, 理解中国特色社会主义法治体系和法治道路的精髓, 增进法治意识, 养成法治思维, 更好行使法律权利、履行法律义务, 做到尊法学法守法用法, 从而具备优秀的思想道德素质和法治素养。
333    @a高等学校思想政治理论课教材配套用书
606 0  @a思想修养@Asi xiang xiu yang@x高等学校@j教学参考资料
606 0  @a法律@Afa lu^@y中国@x高等学校@j教学参考资料
690    @aG641.6@v5
690    @aD920.4@v5
701  0 @a易志军@Ayi zhi jun@4主编
701  0 @a聂峰@Anie feng@4主编
701  0 @a李清环@Ali qing huan@4主编
801  0 @aCN@b上海新华@c20191020
905    @b1099087-90@dG641.6@e1093@f4
    
    思想道德修养与法律基础学习辅导/主编易志军, 聂峰, 李清环.-北京:国家行政学院出版社,2018
    187页;26cm
    使用对象:高等学校思想政治理论课教材配套用书
    
    ISBN 978-7-5150-2072-3:CNY35.00
    本书可帮助学生在学习掌握理论知识的基础上, 拓宽视野, 提高分析问题和解决问题的能力, 从而使本书具有较强的针对性、指导性和实用性。本书有助于大学生形成正确的道德认知, 积极投身道德实践, 有助于大学生全面把握社会主义法律的本质、运行和体系, 理解中国特色社会主义法治体系和法治道路的精髓, 增进法治意识, 养成法治思维, 更好行使法律权利、履行法律义务, 做到尊法学法守法用法, 从而具备优秀的思想道德素质和法治素养。
●
相关链接 在E读中查询图书 在五车中查询图书 在当当中查询图书 在豆瓣中查询图书


正题名:思想道德修养与法律基础学习辅导     索取号:G641.6/1093         预约/预借

序号 登录号 条形码 馆藏地/架位号 状态 备注
1 1099087   210990873   第一样本阅览室/ [索取号:G641.6/1093] 在馆    
2 1099088   210990882   第四借阅区/ [索取号:G641.6/1093] 在馆    
3 1099089   210990891   第四借阅区/ [索取号:G641.6/1093] 在馆    
4 1099090   210990908   第四借阅区/ [索取号:G641.6/1093] 在馆    
唐山师范学院图书馆 欢迎您!
大连网信软件有限公司© 版权所有